[Event "Barcelona Tres Peons op-B 15th"]
[Site "Barcelona"]
[Date "2013.01.25"]
[Round "3"]
[White "Delgado Morell, Aina"]
[Black "Iglesias Lopez, Albert"]
[Result "1-0"]
[WhiteElo "1721"]
[BlackElo "1823"]
[PlyCount "86"]
[EventDate "2013.01.11"]
[EventType "swiss"]
[EventRounds "9"]
[EventCountry "ESP"]
[SourceTitle "EXT 2014"]
[Source "ChessBase"]
[SourceDate "2013.11.20"]
[SourceVersion "1"]
[SourceVersionDate "2013.11.20"]
[SourceQuality "1"]

1. e4 e5 2. Nf3 Nc6 3. Bc4 Bc5 4. c3 Nf6 5. d3 d6 6. b4 Bb6 7. a4 a5 8. b5 Ne7 9. Qb3 0-0 10. h3 h6 11. 0-0 c6 12. Ba3 Ng6 13. bxc6 bxc6 14. Bxd6 Bxf2+ 15. Rxf2 Qxd6 16. Nbd2 Rb8 17. Qa2 Nf4 18. d4 exd4 19. e5 Qe7 20. exf6 Qxf6 21. Nxd4 Qg5 22. Kh2 Qe5 23. Kh1 Bb7 24. N2f3 Qh5 25. Ne2 Nxh3 26. gxh3 c5 27. Neg1 g5 28. Bd5 g4 29. Bxb7 Rxb7 30. Rg2 Kh8 31. Rxg4 f5 32. Rh4 Qg6 33. Qg2 Qf6 34. Qd2 Rb6 35. Qd5 Kh7 36. Qxc5 Rg8 37. Qd4 Qg6 38. Qf2 Qg7 39. Ne2 Qb7 40. Rg1 Rxg1+ 41. Kxg1 Rb1+ 42. Kh2 Rb2 43. Nfd4 Qd7 1-0